| 000 | 00942nam a2200265 u 4500 | ||
|---|---|---|---|
| 001 | 67417 | ||
| 005 | 20200818131829.0 | ||
| 008 | 170519s2008 mx r 000 0 spa d | ||
| 020 | _a9786070001239 | ||
| 040 | _erda | ||
| 041 | 0 | _aspa | |
| 082 | 0 |
_a321.8 _bCAS |
|
| 100 | 1 |
_aCastellanos Hernández, Eduardo de Jesús, _eautor _95339 |
|
| 245 | 1 | 0 |
_aPara entender la democracia : _bteoría política, formas de gobierno, sistemas electorales, sistemas de partidos y calidad de la democracia / _cEduardo de Jesús Castellanos Hernández. |
| 250 | _aPrimera edición | ||
| 264 | 1 |
_aMéxico : _bEduardo de Jesús Castellanos Hernández, _c2008 |
|
| 300 |
_a146 páginas ; _c22 cm. |
||
| 336 |
_atexto _2rdacontent _btxt |
||
| 337 |
_asin medio _2rdamedia _bn |
||
| 338 |
_avolumen _2rdacarrier _bnc |
||
| 500 | _aColección Ocejo | ||
| 650 | 4 | _aDemocracia | |
| 650 | 4 | _aCiencias políticas | |
| 999 |
_c67417 _d67417 |
||
| 942 |
_h321.8 _iCAS _cLI |
||